书目信息 |
| 题名: |
工程勘察与岩土工程
|
|
| 作者: | 朱浮声 主编 | |
| 分册: | ||
| 出版信息: | 沈阳 东北大学出版社 2014 |
|
| 页数: | 210页 | |
| 开本: | 26cm | |
| 丛书名: | ||
| 单 册: | ||
| 中图分类: | TU19-53 , TU4-53 | |
| 科图分类: | ||
| 主题词: | 建筑工程--地质勘探--文集 , 岩土工程--文集 | |
| 电子资源: | ||
| ISBN: | 978-7-5517-0698-8 | |
| 000 | 01114nam0 2200277 450 | |
| 001 | 012015000640 | |
| 005 | 20150911083359.90 | |
| 010 | @a978-7-5517-0698-8@dCNY39.00 | |
| 100 | @a20150310d2014 em y0chiy50 ea | |
| 101 | 0 | @achi |
| 102 | @aCN@b210000 | |
| 105 | @aa z 000yy | |
| 106 | @ar | |
| 200 | 1 | @a工程勘察与岩土工程@Agong cheng kan cha yu yan tu gong cheng@e2012年辽宁工程勘察与岩土工程学术会议文集@f朱浮声主编 |
| 210 | @a沈阳@c东北大学出版社@d2014 | |
| 215 | @a210页@c图@d26cm | |
| 312 | @a封面副题名:2012年辽宁工程勘察与岩土工程学术会议论文集 | |
| 330 | @a本书分为“地质·勘察”、“地基处理”、“基础工程”等五个部分,收录了《如何综合划分地基土液化等级的探讨》、《浅谈地质灾害评估报告编写的重点》、《后注浆灌注桩在工程中的应用》、《岩土抗浮锚杆抗拔试验》、《浅谈施工企业工程造价管理》等论文。 | |
| 517 | 1 | @a2012年辽宁工程勘察与岩土工程学术会议文集 |
| 606 | 0 | @a建筑工程@x地质勘探@j文集 |
| 606 | 0 | @a岩土工程@j文集 |
| 690 | @aTU19-53@v5 | |
| 690 | @aTU4-53@v5 | |
| 701 | 0 | @a朱浮声@Azhu fu sheng@f(1948-)@4主编 |
| 801 | 0 | @aCN@b碧洲教育@c20150720 |
| 905 | @a10447@f4@dTU19-53@e671 | |
| 工程勘察与岩土工程:2012年辽宁工程勘察与岩土工程学术会议文集/朱浮声主编.-沈阳:东北大学出版社,2014 |
| 210页:图;26cm |
| ISBN 978-7-5517-0698-8:CNY39.00 |
| 本书分为“地质·勘察”、“地基处理”、“基础工程”等五个部分,收录了《如何综合划分地基土液化等级的探讨》、《浅谈地质灾害评估报告编写的重点》、《后注浆灌注桩在工程中的应用》、《岩土抗浮锚杆抗拔试验》、《浅谈施工企业工程造价管理》等论文。 |
| ● |
| 相关链接 |
|
|
|
|
正题名:工程勘察与岩土工程
索取号:TU19-53/671
 
预约/预借
| 序号 | 登录号 | 条形码 | 馆藏地/架位号 | 状态 | 备注 |
| 1 | 0848603 | 208486039 | 第二样本阅览室/ [索取号:TU19-53/671] | 在馆 | |
| 2 | 0848604 | 208486048 | 第三借阅区/ [索取号:TU19-53/671] | 在馆 | |
| 3 | 0848605 | 208486057 | 第三借阅区/ [索取号:TU19-53/671] | 在馆 | |
| 4 | 0848606 | 208486066 | 第三借阅区/ [索取号:TU19-53/671] | 在馆 |